000 00244nam a22000977a 4500
999 _c16291
_d16291
003 OSt
008 200721b ||||| |||| 00| 0 eng d
100 _aS. K. HUSAIN
_94672
245 _aTextbook of Water Supply and Sanitary Engineering
942 _cBK